Statystyki dla Quiz o Europie!

Kliknij tutaj aby rozwiązać quiz!

Ogólne statystyki

  • Ten quiz został rozwiązany 716 razy
    (614 od ostatniego zresetowania)
  • Średni wynik to 21 z 25

Statystyki odpowiedzi

PodpowiedźOdpowiedź% Poprawnych
Państwo niemiecko-języczne.Szwajcaria / Niemcy / Austria / Liechtenstein / Belgia
100%
Wymień jedno państwo które było w Jugosławii:Serbia / Macedonia Północna / Słowenia / Chorwacja / Bośnia i Hercegowina / Kosowo / Czarnogóra
99%
Myli się z Australią.Austria
98%
Jej stolica to Warszawa.Polska
97%
Kiedyś to państwo miało miasto Mińsk.Polska / Litwa
97%
Jej waluta to Kuna chorwacka.Chorwacja
93%
Zabytek tego państwa to wieża Eiffla.Francja
93%
Kawałek tego państwa jest w Europie ale większość w Azji.Kazachstan / Turcja / Rosja
93%
Jej stolica to Oslo.Norwegia
93%
Najmniejsze państwo to:Watykan
93%
Graniczy tylko z Hiszpanią.Portugalia
92%
Ma Big Bena.Wielka Brytania
92%
Jej stolica to Praga.Czechy
91%
Jej stolica to Kopenhaga.Dania
90%
Jej stolica to Sofia.Bułgaria
88%
To państwo uwolniło się od Serbii.Kosowo / Czarnogóra
87%
Ma kształt buta.Włochy
87%
Graniczy tylko z Hiszpanią i Francją.Andora
86%
Drugie najmniejsze państwo to:San Marino
82%
Jest w tym państwie kasyno i Grand Prix.Monako
67%
Ma podobny język do włoskiego.Hiszpania
65%
Jej waluta to Hrywna.Ukraina
63%
Prezydent tego państwa to Ekaterini Sakielaropulu.Grecja
55%
Flaga która ma słońce.Macedonia Północna
47%
Jej stolica to Douglas. (Jest to część Wielkiej Brytanii)Wyspa Man
26%

Rozkład punktacji

Percentyl według liczby udzielonych odpowiedzi

Procent ludzi z każdym wynikiem

Twoja historia wyników

Nie rozwiązałeś tego quizu od ostatniego zresetowania